{"text_format":"3","workbook":"xlsx","n_sheets":1,"sheets":["t594"],"read":"whole","date_system":"1900"}

{"sheet":"t594","index":0,"n_rows":183,"n_cols":7,"rows_kept":183,"merged":[[0,0,0,6],[30,0,30,5],[50,0,50,5],[151,0,151,5]]}
["TABELA 594.1 - Estatísticas Agrícolas, Município de Taquarivaí, Estado de São Paulo, 2007/08."]
["ITEM","UNIDADE","N.DE UPAs","MÍNIMO","MÉDIO","MÁXIMO","TOTAL"]
["Distância à sede do município","km",158,0.2,{"v":11.38,"d":"11.4"},{"v":30,"d":"30.0"},"-"]
["Área total","hectare",158,0.2,{"v":147.71,"d":"147.7"},{"v":4624,"d":"4,624.0"},{"v":23338.8,"d":"23,338.8"}]
["Área com cultura perene","hectare",35,0.1,{"v":26.77,"d":"26.8"},413.8,936.9]
["Área com cultura temporária","hectare",104,0.1,{"v":104.02,"d":"104.0"},{"v":3229,"d":"3,229.0"},{"v":10817.7,"d":"10,817.7"}]
["Área com pastagem","hectare",132,0.1,41.4,{"v":960,"d":"960.0"},{"v":5464.2,"d":"5,464.2"}]
["Área com reflorestamento","hectare",37,0.1,{"v":70.24,"d":"70.2"},{"v":1322.3,"d":"1,322.3"},{"v":2599,"d":"2,599.0"}]
["Área com vegetação natural","hectare",134,0.1,{"v":22.79,"d":"22.8"},{"v":700,"d":"700.0"},{"v":3053.3,"d":"3,053.3"}]
["Área com vegetação de brejo e várzea","hectare",14,0.2,{"v":8.44,"d":"8.4"},{"v":50,"d":"50.0"},118.1]
["Área em descanso","hectare",8,0.2,{"v":7.73,"d":"7.7"},49.2,61.8]
["Área complementar","hectare",151,0.1,{"v":1.91,"d":"1.9"},44.5,287.8]
["Área das UPAs com (0, 1] ha","hectare",6,0.2,{"v":0.52,"d":"0.5"},0.7,3.1]
["Área das UPAs com (1, 2] ha","hectare",8,1.1,{"v":1.41,"d":"1.4"},{"v":2,"d":"2.0"},11.3]
["Área das UPAs com (2, 5] ha","hectare",21,2.4,{"v":3.69,"d":"3.7"},{"v":5,"d":"5.0"},77.4]
["Área das UPAs com (5, 10] ha","hectare",24,5.5,{"v":7.85,"d":"7.9"},{"v":10,"d":"10.0"},188.4]
["Área das UPAs com (10, 20] ha","hectare",14,10.8,{"v":15.29,"d":"15.3"},{"v":20,"d":"20.0"},214.1]
["Área das UPAs com (20, 50] ha","hectare",31,20.9,{"v":32.38,"d":"32.4"},48.5,{"v":1003.7,"d":"1,003.7"}]
["Área das UPAs com (50, 100] ha","hectare",16,50.4,{"v":69.08,"d":"69.1"},94.9,{"v":1105.2,"d":"1,105.2"}]
["Área das UPAs com (100, 200] ha","hectare",15,101.6,{"v":120.53,"d":"120.5"},{"v":168,"d":"168.0"},{"v":1807.9,"d":"1,807.9"}]
["Área das UPAs com (200, 500] ha","hectare",16,207.3,{"v":305.03,"d":"305.0"},{"v":480,"d":"480.0"},{"v":4880.4,"d":"4,880.4"}]
["Área das UPAs com (500, 1.000] ha","hectare",3,{"v":755,"d":"755.0"},{"v":813.37,"d":"813.4"},857.4,{"v":2440.1,"d":"2,440.1"}]
["Área das UPAs com (1.000, 2.000] ha","hectare",1,{"v":1431.7,"d":"1,431.7"},{"v":1431.7,"d":"1,431.7"},{"v":1431.7,"d":"1,431.7"},{"v":1431.7,"d":"1,431.7"}]
["Área das UPAs com (2.000, 5.000] ha","hectare",3,{"v":2280.5,"d":"2,280.5"},{"v":3391.83,"d":"3,391.8"},{"v":4624,"d":"4,624.0"},{"v":10175.5,"d":"10,175.5"}]
["Área das UPAs com (5.000, 10.000] ha","hectare","-","-","-","-","-"]
["Área das UPAs acima de 10.000 ha","hectare","-","-","-","-","-"]
["Familiares do proprietário que trabalham na UPA","unidade",80,{"v":1,"d":"1.0"},{"v":2.51,"d":"2.5"},{"v":14,"d":"14.0"},{"v":201,"d":"201.0"}]
["Trabalhadores permanentes","unidade",63,{"v":1,"d":"1.0"},{"v":8.02,"d":"8.0"},{"v":70,"d":"70.0"},{"v":505,"d":"505.0"}]
["Fonte: Secretaria de Agricultura e Abastecimento, CDRS/IEA, Projeto LUPA."]
[]
["TABELA 594.2 - Explorações Animais, Município de Taquarivaí, Estado de São Paulo, 2007/08."]
["ITEM","UNIDADE","N.DE UPAs","MÍNIMO","MÉDIO","MÁXIMO","TOTAL"]
["Apicultura","colmeias",2,{"v":30,"d":"30.0"},{"v":35,"d":"35.0"},{"v":40,"d":"40.0"},{"v":70,"d":"70.0"}]
["Asininos E Muares","cabeças",3,{"v":1,"d":"1.0"},{"v":1.33,"d":"1.3"},{"v":2,"d":"2.0"},{"v":4,"d":"4.0"}]
["Avestruzes e Ema (Criadouro)","cabeças",1,{"v":70,"d":"70.0"},{"v":70,"d":"70.0"},{"v":70,"d":"70.0"},{"v":70,"d":"70.0"}]
["Avicultura de Corte","cabeças/ano",2,{"v":54,"d":"54.0"},{"v":10027,"d":"10,027.0"},{"v":20000,"d":"20,000.0"},{"v":20054,"d":"20,054.0"}]
["Avicultura Ornamental/Decorativa/Exótica","cabeças",1,{"v":7,"d":"7.0"},{"v":7,"d":"7.0"},{"v":7,"d":"7.0"},{"v":7,"d":"7.0"}]
["Avicultura para Ovos","cabeças",77,{"v":5,"d":"5.0"},{"v":1655.32,"d":"1,655.3"},{"v":125000,"d":"125,000.0"},{"v":127460,"d":"127,460.0"}]
["Bovinocultura de Corte","cabeças",16,{"v":8,"d":"8.0"},{"v":267.75,"d":"267.8"},{"v":1100,"d":"1,100.0"},{"v":4284,"d":"4,284.0"}]
["Bovinocultura Leiteira","cabeças",26,{"v":1,"d":"1.0"},{"v":27.15,"d":"27.2"},{"v":130,"d":"130.0"},{"v":706,"d":"706.0"}]
["Bovinocultura Mista","cabeças",66,{"v":1,"d":"1.0"},{"v":47.27,"d":"47.3"},{"v":830,"d":"830.0"},{"v":3120,"d":"3,120.0"}]
["Caprinocultura","cabeças",5,{"v":3,"d":"3.0"},{"v":12,"d":"12.0"},{"v":30,"d":"30.0"},{"v":60,"d":"60.0"}]
["Carcinocultura","pós-larvas",1,{"v":30,"d":"30.0"},{"v":30,"d":"30.0"},{"v":30,"d":"30.0"},{"v":30,"d":"30.0"}]
["Cunicultura","cabeças",1,{"v":28,"d":"28.0"},{"v":28,"d":"28.0"},{"v":28,"d":"28.0"},{"v":28,"d":"28.0"}]
["Equinocultura","cabeças",54,{"v":1,"d":"1.0"},{"v":4.83,"d":"4.8"},{"v":51,"d":"51.0"},{"v":261,"d":"261.0"}]
["Outra Exploração Animal","cabeças",1,{"v":4,"d":"4.0"},{"v":4,"d":"4.0"},{"v":4,"d":"4.0"},{"v":4,"d":"4.0"}]
["Ovinocultura","cabeças",11,{"v":1,"d":"1.0"},{"v":57.27,"d":"57.3"},{"v":380,"d":"380.0"},{"v":630,"d":"630.0"}]
["Suinocultura","cabeças",20,{"v":1,"d":"1.0"},18.3,{"v":200,"d":"200.0"},{"v":366,"d":"366.0"}]
["Fonte: Secretaria de Agricultura e Abastecimento, CDRS/IEA, Projeto LUPA."]
[]
["TABELA 594.3 -  Máquinas, Implementos e Benfeitorias, Município de Taquarivaí, Estado de São Paulo, 2007/08."]
["ITEM","UNIDADE","N.DE UPAs","MÍNIMO","MÉDIO","MÁXIMO","TOTAL"]
["Arado Comum (Bacia, Aiveca)","Unidade",32,{"v":1,"d":"1.0"},{"v":1.38,"d":"1.4"},{"v":5,"d":"5.0"},{"v":44,"d":"44.0"}]
["Arado Escarificador","Unidade",2,{"v":1,"d":"1.0"},1.5,{"v":2,"d":"2.0"},{"v":3,"d":"3.0"}]
["Arado Subsolador","Unidade",7,{"v":1,"d":"1.0"},{"v":1.29,"d":"1.3"},{"v":2,"d":"2.0"},{"v":9,"d":"9.0"}]
["Batedeira de Cereais","Unidade",10,{"v":1,"d":"1.0"},1.3,{"v":3,"d":"3.0"},{"v":13,"d":"13.0"}]
["Colhedeira Acoplada","Unidade",2,{"v":1,"d":"1.0"},{"v":1,"d":"1.0"},{"v":1,"d":"1.0"},{"v":2,"d":"2.0"}]
["Colhedeira Automotriz","Unidade",8,{"v":1,"d":"1.0"},{"v":2,"d":"2.0"},{"v":3,"d":"3.0"},{"v":16,"d":"16.0"}]
["Computador","Unidade",4,{"v":1,"d":"1.0"},{"v":1.75,"d":"1.8"},{"v":3,"d":"3.0"},{"v":7,"d":"7.0"}]
["Conj.Irrigação Autopropelido","Unidade",3,{"v":1,"d":"1.0"},{"v":3,"d":"3.0"},{"v":6,"d":"6.0"},{"v":9,"d":"9.0"}]
["Conj.Irrigação Convencional","Unidade",2,{"v":1,"d":"1.0"},{"v":1,"d":"1.0"},{"v":1,"d":"1.0"},{"v":2,"d":"2.0"}]
["Conj.Irrigação Pivot Central","Unidade",4,{"v":1,"d":"1.0"},{"v":7.25,"d":"7.3"},{"v":25,"d":"25.0"},{"v":29,"d":"29.0"}]
["Conjunto de Fenação","Unidade",2,{"v":1,"d":"1.0"},1.5,{"v":2,"d":"2.0"},{"v":3,"d":"3.0"}]
["Desintegrador de Palha (Plantio Direto)","Unidade",4,{"v":1,"d":"1.0"},1.5,{"v":3,"d":"3.0"},{"v":6,"d":"6.0"}]
["Desintegrador, Picador, Triturador","Unidade",21,{"v":1,"d":"1.0"},{"v":1.33,"d":"1.3"},{"v":4,"d":"4.0"},{"v":28,"d":"28.0"}]
["Distribuidor de Calcário","Unidade",14,{"v":1,"d":"1.0"},{"v":1.29,"d":"1.3"},{"v":3,"d":"3.0"},{"v":18,"d":"18.0"}]
["Ensiladeira","Unidade",2,{"v":1,"d":"1.0"},{"v":1,"d":"1.0"},{"v":1,"d":"1.0"},{"v":2,"d":"2.0"}]
["Grade Aradora (Tipo Romi)","Unidade",19,{"v":1,"d":"1.0"},{"v":1.58,"d":"1.6"},{"v":4,"d":"4.0"},{"v":30,"d":"30.0"}]
["Grade Niveladora","Unidade",24,{"v":1,"d":"1.0"},1.5,{"v":4,"d":"4.0"},{"v":36,"d":"36.0"}]
["Implementos para Tração Animal","Unidade",1,{"v":2,"d":"2.0"},{"v":2,"d":"2.0"},{"v":2,"d":"2.0"},{"v":2,"d":"2.0"}]
["Máquina de Classificar Frutas","Unidade",2,{"v":1,"d":"1.0"},{"v":1,"d":"1.0"},{"v":1,"d":"1.0"},{"v":2,"d":"2.0"}]
["Microtrator","Unidade",1,{"v":1,"d":"1.0"},{"v":1,"d":"1.0"},{"v":1,"d":"1.0"},{"v":1,"d":"1.0"}]
["Misturador de Ração","Unidade",3,{"v":1,"d":"1.0"},{"v":1,"d":"1.0"},{"v":1,"d":"1.0"},{"v":3,"d":"3.0"}]
["Pulverizador Tratorizado","Unidade",21,{"v":1,"d":"1.0"},{"v":1.52,"d":"1.5"},{"v":6,"d":"6.0"},{"v":32,"d":"32.0"}]
["Semeadeira/Adubadeira para Plantio Convencional","Unidade",6,{"v":1,"d":"1.0"},{"v":1,"d":"1.0"},{"v":1,"d":"1.0"},{"v":6,"d":"6.0"}]
["Semeadeira/Plantadeira Plantio Direto","Unidade",20,{"v":1,"d":"1.0"},{"v":2.25,"d":"2.3"},{"v":10,"d":"10.0"},{"v":45,"d":"45.0"}]
["Terraceador","Unidade",2,{"v":1,"d":"1.0"},1.5,{"v":2,"d":"2.0"},{"v":3,"d":"3.0"}]
["Trator de Esteiras","Unidade",1,{"v":1,"d":"1.0"},{"v":1,"d":"1.0"},{"v":1,"d":"1.0"},{"v":1,"d":"1.0"}]
["Trator de Pneus","Unidade",49,{"v":1,"d":"1.0"},{"v":3.29,"d":"3.3"},{"v":23,"d":"23.0"},{"v":161,"d":"161.0"}]
["Açude/Represa","Unidade",13,{"v":1,"d":"1.0"},{"v":3.69,"d":"3.7"},{"v":20,"d":"20.0"},{"v":48,"d":"48.0"}]
["Almoxarifado/Oficina","Unidade",6,{"v":1,"d":"1.0"},{"v":1.17,"d":"1.2"},{"v":2,"d":"2.0"},{"v":7,"d":"7.0"}]
["Armazém para Grãos Ensacados","Sacas",3,{"v":1,"d":"1.0"},{"v":1,"d":"1.0"},{"v":1,"d":"1.0"},{"v":3,"d":"3.0"}]
["Balança para Veículos","Unidade",2,{"v":1,"d":"1.0"},1.5,{"v":2,"d":"2.0"},{"v":3,"d":"3.0"}]
["Barracão para Granja/Avicultura","Unidade",3,{"v":1,"d":"1.0"},{"v":4.33,"d":"4.3"},{"v":10,"d":"10.0"},{"v":13,"d":"13.0"}]
["Barracão/Galpão/Garagem","Unidade",99,{"v":1,"d":"1.0"},{"v":1.64,"d":"1.6"},{"v":11,"d":"11.0"},{"v":162,"d":"162.0"}]
["Casa de Moradia Habitada","Unidade",119,{"v":1,"d":"1.0"},{"v":2.54,"d":"2.5"},{"v":34,"d":"34.0"},{"v":302,"d":"302.0"}]
["Casa de Moradia Total","Unidade",33,{"v":1,"d":"1.0"},{"v":4.73,"d":"4.7"},{"v":30,"d":"30.0"},{"v":156,"d":"156.0"}]
["Curral/Mangueira","Unidade",72,{"v":1,"d":"1.0"},{"v":1.18,"d":"1.2"},{"v":4,"d":"4.0"},{"v":85,"d":"85.0"}]
["Depósito/Tulha","Unidade",2,{"v":1,"d":"1.0"},{"v":1,"d":"1.0"},{"v":1,"d":"1.0"},{"v":2,"d":"2.0"}]
["Estábulo","Unidade",1,{"v":1,"d":"1.0"},{"v":1,"d":"1.0"},{"v":1,"d":"1.0"},{"v":1,"d":"1.0"}]
["Fábrica de Ração","Unidade",1,{"v":1,"d":"1.0"},{"v":1,"d":"1.0"},{"v":1,"d":"1.0"},{"v":1,"d":"1.0"}]
["Instalações para Equinos","Unidade",2,{"v":1,"d":"1.0"},4.5,{"v":8,"d":"8.0"},{"v":9,"d":"9.0"}]
["Olaria","Unidade",1,{"v":1,"d":"1.0"},{"v":1,"d":"1.0"},{"v":1,"d":"1.0"},{"v":1,"d":"1.0"}]
["Packing House","Unidade",1,{"v":1,"d":"1.0"},{"v":1,"d":"1.0"},{"v":1,"d":"1.0"},{"v":1,"d":"1.0"}]
["Pocilga","Unidade",13,{"v":1,"d":"1.0"},{"v":1.08,"d":"1.1"},{"v":2,"d":"2.0"},{"v":14,"d":"14.0"}]
["Poço Semi-Artesiano","Unidade",2,{"v":1,"d":"1.0"},{"v":2,"d":"2.0"},{"v":3,"d":"3.0"},{"v":4,"d":"4.0"}]
["Secador de Grãos","Unidade",7,{"v":1,"d":"1.0"},{"v":1.57,"d":"1.6"},{"v":3,"d":"3.0"},{"v":11,"d":"11.0"}]
["Silo para Grãos","t",9,{"v":1,"d":"1.0"},{"v":2.89,"d":"2.9"},{"v":4,"d":"4.0"},{"v":26,"d":"26.0"}]
["Silo para Silagem","t",2,{"v":2,"d":"2.0"},{"v":31,"d":"31.0"},{"v":60,"d":"60.0"},{"v":62,"d":"62.0"}]
["Terreiro","m²",1,{"v":1,"d":"1.0"},{"v":1,"d":"1.0"},{"v":1,"d":"1.0"},{"v":1,"d":"1.0"}]
["Fonte: Secretaria de Agricultura e Abastecimento, CDRS/IEA, Projeto LUPA."]
[]
["TABELA 594.4 - Outras Estatísticas Agrícolas, Município de Taquarivaí, Estado de São Paulo, 2007/08."]
["ITEM","Número de UPAs",null,"Percentual"]
["Faz Parte de Associação de Produtores",18,null,{"v":11.39240506329114,"d":"11.4"}]
["Faz Parte de Cooperativa de Produtores",6,null,{"v":3.79746835443038,"d":"3.8"}]
["Faz Parte do Sindicato de Produtores",3,null,{"v":1.89873417721519,"d":"1.9"}]
["Não utiliza assistência técnica ",65,null,{"v":41.139240506329116,"d":"41.1"}]
["Utiliza somente assistência técnica governamental ",67,null,{"v":42.40506329113924,"d":"42.4"}]
["Utiliza somente assistência técnica privada ",23,null,{"v":14.556962025316455,"d":"14.6"}]
["Utiliza assistência técnica tanto governamental quanto privada",3,null,{"v":1.89873417721519,"d":"1.9"}]
["Utiliza Crédito Rural",31,null,{"v":19.620253164556964,"d":"19.6"}]
["Utiliza Seguro Rural",9,null,{"v":5.69620253164557,"d":"5.7"}]
["Utiliza Escrituração Agrícola",12,null,{"v":7.59493670886076,"d":"7.6"}]
["Acessa Internet p/ Fins na Agropecuária",11,null,{"v":6.962025316455696,"d":"7.0"}]
["Utiliza Computador nas Atividades Agropecuárias",15,null,{"v":9.493670886075948,"d":"9.5"}]
["Utiliza Energia Elétrica Para Uso na Atividade Agrícola",148,null,{"v":93.67088607594937,"d":"93.7"}]
["Realiza Análise de Solo, quando necessário",34,null,{"v":21.51898734177215,"d":"21.5"}]
["Utiliza Práticas de Conservação de Solo, quando necessário",114,null,{"v":72.15189873417721,"d":"72.2"}]
["Faz Adubação Mineral, quando necessário",89,null,{"v":56.32911392405063,"d":"56.3"}]
["Faz Adubação Orgânica, quando necessário",24,null,{"v":15.18987341772152,"d":"15.2"}]
["Faz Adubação Verde, quando necessário",31,null,{"v":19.620253164556964,"d":"19.6"}]
["Utiliza Manejo Integrado de Pragas (MIP)","-",null,"-"]
["Utiliza Hidroponia","-",null,"-"]
["Utiliza Plasticultura",1,null,{"v":0.6329113924050633,"d":"0.6"}]
["Utiliza Mudas Fiscalizadas",17,null,{"v":10.759493670886075,"d":"10.8"}]
["Utiliza Semente Melhorada",65,null,{"v":41.139240506329116,"d":"41.1"}]
["Faz Confinamento de Bovinos",7,null,{"v":4.430379746835443,"d":"4.4"}]
["Utiliza Pastejo Intensivo",90,null,{"v":56.962025316455694,"d":"57.0"}]
["Faz Inseminação Artificial",6,null,{"v":3.79746835443038,"d":"3.8"}]
["Faz Mineralização do Rebanho",94,null,{"v":59.493670886075954,"d":"59.5"}]
["Faz Vermifugação do Rebanho",93,null,{"v":58.860759493670884,"d":"58.9"}]
["Possui Parceiros /Arrendatários na Exploração Animal",30,null,{"v":18.9873417721519,"d":"19.0"}]
["Esporte e lazer","-",null,"-"]
["Extração mineral","-",null,"-"]
["Hotel Fazenda, Pousada ou SPA","-",null,"-"]
["Pesque-pague","-",null,"-"]
["Restaurante ou Lanchonete","-",null,"-"]
["Transformação artesanal","-",null,"-"]
["Turismo rural ou ecoturismo","-",null,"-"]
["Outras atividades econômicas rurais",1,null,{"v":0.6329113924050633,"d":"0.6"}]
["Agroindústria","-",null,"-"]
["Proprietário sem instrução ou com instrução incompleta",19,null,{"v":12.0253164556962,"d":"12.0"}]
["Proprietário com antigo primário completo",68,null,{"v":43.0379746835443,"d":"43.0"}]
["Proprietário com 1° grau (ou antigo ginasial) completo",12,null,{"v":7.59493670886076,"d":"7.6"}]
["Proprietário com 2° grau (ou antigo colegial) completo",25,null,{"v":15.822784810126581,"d":"15.8"}]
["Proprietário com curso superior completo ",24,null,{"v":15.18987341772152,"d":"15.2"}]
["Pessoa Jurídica",10,null,{"v":6.329113924050633,"d":"6.3"}]
["Proprietário residente na própria UPA ",83,null,{"v":52.53164556962025,"d":"52.5"}]
["Fonte: Secretaria de Agricultura e Abastecimento, CDRS/IEA, Projeto LUPA."]
[]
["TABELA 594.5 - Área Cultivada, Município de Taquarivaí, Estado de São Paulo, 2007/08."]
["CULTURA","N.DE UPAs","MÍNIMO","MÉDIO","MÁXIMO","TOTAL"]
["Braquiaria",131,0.1,{"v":41.35,"d":"41.4"},{"v":960,"d":"960.0"},{"v":5416.6,"d":"5,416.6"}]
["Milho",86,0.1,{"v":61.23,"d":"61.2"},{"v":1329,"d":"1,329.0"},{"v":5266.1,"d":"5,266.1"}]
["Soja",20,7.1,{"v":152.61,"d":"152.6"},{"v":614,"d":"614.0"},{"v":3052.2,"d":"3,052.2"}]
["Trigo",19,9.5,{"v":85.05,"d":"85.1"},{"v":400,"d":"400.0"},{"v":1615.9,"d":"1,615.9"}]
["Pinus",4,0.1,331.6,{"v":1322.3,"d":"1,322.3"},{"v":1326.4,"d":"1,326.4"}]
["Eucalipto",33,0.1,{"v":38.49,"d":"38.5"},615.1,{"v":1270.2,"d":"1,270.2"}]
["Feijao",35,0.1,{"v":26.93,"d":"26.9"},{"v":186,"d":"186.0"},942.6]
["Laranja",6,0.1,{"v":142,"d":"142.0"},338.8,{"v":852,"d":"852.0"}]
["Aveia",7,{"v":4,"d":"4.0"},85.3,{"v":300,"d":"300.0"},597.1]
["Sorgo",4,{"v":25,"d":"25.0"},{"v":146.43,"d":"146.4"},{"v":400,"d":"400.0"},585.7]
["Triticale",2,{"v":50,"d":"50.0"},{"v":75,"d":"75.0"},{"v":100,"d":"100.0"},{"v":150,"d":"150.0"}]
["Tomate envarado",9,0.5,{"v":12.93,"d":"12.9"},33.6,116.4]
["Caqui",2,0.3,{"v":37.65,"d":"37.7"},{"v":75,"d":"75.0"},75.3]
["Coloniao",3,0.3,{"v":8.23,"d":"8.2"},{"v":22,"d":"22.0"},24.7]
["Cana-de-acucar",11,0.1,1.6,{"v":6,"d":"6.0"},17.6]
["Capim-napier (ou capim-elefante)",2,2.4,8.7,{"v":15,"d":"15.0"},17.4]
["Abobora (ou jerimum)",2,{"v":6,"d":"6.0"},{"v":8,"d":"8.0"},{"v":10,"d":"10.0"},{"v":16,"d":"16.0"}]
["Pomar domestico",28,0.1,{"v":0.32,"d":"0.3"},1.8,{"v":9,"d":"9.0"}]
["Gramas",1,5.5,5.5,5.5,5.5]
["Arroz",3,0.5,{"v":1.57,"d":"1.6"},2.6,4.7]
["Outras florestais",1,2.4,2.4,2.4,2.4]
["Maracuja",1,{"v":2,"d":"2.0"},{"v":2,"d":"2.0"},{"v":2,"d":"2.0"},{"v":2,"d":"2.0"}]
["Mandioca",5,0.2,{"v":0.38,"d":"0.4"},0.7,1.9]
["Horta domestica",6,0.1,{"v":0.18,"d":"0.2"},0.5,1.1]
["Ameixa",1,0.3,0.3,0.3,0.3]
["Uva rustica",1,0.1,0.1,0.1,0.1]
["Abacaxi (ou ananas)",1,0.1,0.1,0.1,0.1]
["Banana",1,0.1,0.1,0.1,0.1]
["Cafe",1,0.1,0.1,0.1,0.1]
["Fonte: Secretaria de Agricultura e Abastecimento, CDRS/IEA, Projeto LUPA."]